Combustion Science and Engineering (Record no. 617379)

000 -LEADER
fixed length control field 00335nam a22001337a 4500
020 ## - INTERNATIONAL STANDARD BOOK NUMBER
International Standard Book Number 0-8493-2071-2
040 ## - CATALOGING SOURCE
Transcribing agency CRC Press
082 ## - DEWEY DECIMAL CLASSIFICATION NUMBER
Classification number 541.361
Author Mark A6131 C
100 ## - MAIN ENTRY--PERSONAL NAME
Personal name Annamalai, Kalyan
9 (RLIN) 115682
245 ## - TITLE STATEMENT
Title Combustion Science and Engineering
260 ## - PUBLICATION, DISTRIBUTION, ETC.
Place of publication, distribution, etc. USA
Name of publisher, distributor, etc. CRC Press
Date of publication, distribution, etc. 2007
300 ## - PHYSICAL DESCRIPTION
Extent lv, 1121p.
Dimensions 27cm.
942 ## - ADDED ENTRY ELEMENTS (KOHA)
Source of classification or shelving scheme
Koha item type Reference
Holdings
Withdrawn status Lost status Source of classification or shelving scheme Damaged status Not for loan Permanent Location Current Location Date acquired Total Checkouts Full call number Barcode Date last seen Price effective from Koha item type
          School of Chemical & Materials Engineering (SCME) School of Chemical & Materials Engineering (SCME) 05/11/2026   541.361 A6131 C SCME-4890 05/11/2026 05/11/2026 Reference
© 2023 Central Library, National University of Sciences and Technology. All Rights Reserved.